| 000 | 00364 a2200157 4500 | ||
|---|---|---|---|
| 003 | Nust | ||
| 005 | 20170207170502.0 | ||
| 020 | _a0071394494 | ||
| 040 | _cNust | ||
| 082 | _a658 | ||
| 100 | _aHeerkens, Gary R. | ||
| 245 |
_aProject Management (EBOOK) _cGary R. Heerkens, |
||
| 260 |
_aNew York _bMcGraw-Hill _c2002 |
||
| 300 | _a266 p. | ||
| 650 | _aProject management | ||
| 942 |
_2ddc _cBK |
||
| 999 |
_c215100 _d215100 |
||